Ms Wiz banned ! / (Record no. 60367)

MARC details
000 -LEADER
fixed length control field 00687nam a2200181 a 4500
005 - DATE AND TIME OF LATEST TRANSACTION
control field 20120105141750.0
020 ## - INTERNATIONAL STANDARD BOOK NUMBER
International Standard Book Number 9788184971936
Terms of availability 65.00
037 ## - SOURCE OF ACQUISITION
Source of stock number/acquisition PUB
100 ## - MAIN ENTRY--PERSONAL NAME
Personal name Blacker, Terence
245 ## - TITLE STATEMENT
Title Ms Wiz banned ! /
Statement of responsibility, etc by Terence Blacker; illustrated by Tony Ross
260 ## - PUBLICATION, DISTRIBUTION, ETC. (IMPRINT)
Place of publication, distribution, etc New Delhi
Name of publisher, distributor, etc BPI India
Date of publication, distribution, etc 2011
270 ## - ADDRESS
Address F-213 / A, Ground Floor, Old Mehrauli Badarpur Road, Lado Sarai
City New Delhi
Postal code 110030
300 ## - PHYSICAL DESCRIPTION
Extent 58p.
Dimensions 21cm(pbk)
Other physical details ill.
700 ## - ADDED ENTRY--PERSONAL NAME
Personal name Ross, Tony
9 (RLIN) 38323
856 ## - ELECTRONIC LOCATION AND ACCESS
Materials specified Table of contents
Uniform Resource Identifier http://www.loc.gov/catdir/toc/ecip0516/2005020735.html
942 ## - ADDED ENTRY ELEMENTS (KOHA)
Source of classification or shelving scheme Dewey Decimal Classification
Item type Children Books
Call number suffix BLA
Holdings
Withdrawn status Lost status Not for loan Home library Current library Date acquired Cost, normal purchase price Full call number Cost, replacement price Koha item type
    Ordered Andrews Gunj Andrews Gunj 05/01/2012 65.00 BLA 65.00 Children Books

© Delhi Public Library
Hit Counter
free hit counter